Hannah Montana : (Record no. 7564)

MARC details
000 -LEADER
fixed length control field 01232nam a22002537a 4500
001 - CONTROL NUMBER
control field 7564
003 - CONTROL NUMBER IDENTIFIER
control field FISKH
005 - DATE AND TIME OF LATEST TRANSACTION
control field 20250724102331.0
008 - FIXED-LENGTH DATA ELEMENTS--GENERAL INFORMATION
fixed length control field 250724b cb ||||| |||| 00| 0 eng d
020 ## - INTERNATIONAL STANDARD BOOK NUMBER
International Standard Book Number 9781423107729
040 ## - CATALOGING SOURCE
Original cataloging agency FISKH
Language of cataloging eng
Transcribing agency FISKH
Modifying agency FISKH
050 ## - LIBRARY OF CONGRESS CALL NUMBER
Classification number PZ7.B38632 F
082 ## - DEWEY DECIMAL CLASSIFICATION NUMBER
Classification number 813.6
100 ## - MAIN ENTRY--PERSONAL NAME
Personal name Beechwood, beth
245 ## - TITLE STATEMENT
Title Hannah Montana :
Remainder of title Face the music /
Statement of responsibility, etc. Adapted by beth Beechwood ; Based on the series created by Michael Poryes and Rich Correl & Barry O'Brien ; Part one is based on the episode, "Smell Like Teen Sellout," Written by Heather Wordham ; Part Two is based on the episode, "We Are Family-Now Get Me Some Water!," ; Wriiten by Jay J.Demopoulos & Andrew Green
250 ## - EDITION STATEMENT
Edition statement This edition first published in 2007
260 ## - PUBLICATION, DISTRIBUTION, ETC.
Place of publication, distribution, etc. New York :
Name of publisher, distributor, etc. Disney Press,
Date of publication, distribution, etc. 2007
300 ## - PHYSICAL DESCRIPTION
Extent 118 pages :
Other physical details illustrations ;
Dimensions 20 cm
520 ## - SUMMARY, ETC.
Summary, etc. When Hannah Montana, a.k.a. Miley Stewart, decides to be a spokesperson for a new perfume, she quickly realizes that she is allergic to it, and then she hires her brother Jackson as her new assistant after accidentally getting him fired.<br/>
650 ## - SUBJECT ADDED ENTRY--TOPICAL TERM
Source of heading or term Hannah Montana
Topical term or geographic name entry element Children
650 ## - SUBJECT ADDED ENTRY--TOPICAL TERM
Source of heading or term Chapter book
Topical term or geographic name entry element Grade 4
942 ## - ADDED ENTRY ELEMENTS (KOHA)
Source of classification or shelving scheme Dewey Decimal Classification
Koha item type Books
Suppress in OPAC No
Holdings
Withdrawn status Lost status Source of classification or shelving scheme Damaged status Not for loan Collection Home library Current library Shelving location Date acquired Total Checkouts Full call number Barcode Date last seen Copy number Price effective from Koha item type
    Dewey Decimal Classification     Fiction Footprints International School Library Network Toul Tom Poung Campus Footprints International School Library Network Toul Tom Poung Campus TTP Secondary Fiction Bookshelves 07/24/2025   BEE 813.6 PZ7.B38632 F 2025-2803 07/24/2025 1 07/24/2025 Books